[Event "ODJM A 2017"]
[Site "Willingen GER"]
[Date "2017.06.10"]
[Round "9"]
[White "Wenninger, Philipp"]
[Black "Meulner, Fabian"]
[Result "1/2-1/2"]
[Termination "normal"]
[Board "2"]
[WhiteElo "2345"]
[BlackElo "1969"]
[WhiteClock "00:07:59"]
[BlackClock "00:08:12"]
[PlyCount "47"]
[WhiteFideId "4648404"]
[BlackFideId "12913936"]
[EventCountry "GER"]
[EventRounds "9"]
[EventType "swiss"]
[EventDate "2017.06.03"]

1. d4 {[%clk 1:30:58]} 1... f5 {[%clk 1:30:33]} 2. g3 {[%clk 1:30:25]} 2... Nf6
{[%clk 1:26:55]} 3. Bg2 {[%clk 1:30:52]} 3... g6 {[%clk 1:26:56]} 4. Nf3 {
[%clk 1:31:13]} 4... Bg7 {[%clk 1:27:15]} 5. O-O {[%clk 1:31:27]} 5... O-O {
[%clk 1:27:30]} 6. b3 {[%clk 1:30:53]} 6... d6 {[%clk 1:27:54]} 7. Bb2 { [%clk
1:31:19]} 7... c6 {[%clk 1:28:20]} 8. c4 {[%clk 1:28:36]} 8... Qc7 { [%clk
1:26:22]} 9. Qc2 {[%clk 1:20:04]} 9... Re8 {[%clk 1:13:27]} 10. Nbd2 { [%clk
1:12:38]} 10... e5 {[%clk 1:03:02]} 11. dxe5 {[%clk 0:55:06]} 11... dxe5 {[%clk
1:03:13]} 12. e4 {[%clk 0:55:21]} 12... c5 {[%clk 0:53:59]} 13. Rae1 { [%clk
0:39:58]} 13... Nc6 {[%clk 0:48:15]} 14. a3 {[%clk 0:30:09]} 14... a5 { [%clk
0:35:46]} 15. Qb1 {[%clk 0:20:43]} 15... Bd7 {[%clk 0:22:43]} 16. Bc3 { [%clk
0:17:56]} 16... Nd4 {[%clk 0:20:57]} 17. b4 {[%clk 0:17:20]} 17... b6 { [%clk
0:18:05]} 18. Nh4 {[%clk 0:16:11]} 18... f4 {[%clk 0:16:27]} 19. gxf4 { [%clk
0:15:12]} 19... Nh5 {[%clk 0:13:18]} 20. fxe5 {[%clk 0:12:21]} 20... Bxe5
{[%clk 0:11:52]} 21. Bxd4 {[%clk 0:09:48]} 21... cxd4 {[%clk 0:10:42]} 22. Nhf3
{[%clk 0:08:46]} 22... Nf4 {[%clk 0:10:33]} 23. Qb3 {[%clk 0:08:47]} 23... axb4
{[%clk 0:08:12]} 24. axb4 {[%clk 0:07:59]} 1/2-1/2

[Event "ODJM A 2017"]
[Site "Willingen GER"]
[Date "2017.06.10"]
[Round "9"]
[White "Englert, Jon"]
[Black "Hecht, Carsten"]
[Result "0-1"]
[Termination "normal"]
[Board "4"]
[WhiteElo "1929"]
[BlackElo "2232"]
[WhiteClock "00:01:20"]
[BlackClock "00:41:40"]
[PlyCount "86"]
[WhiteFideId "12992275"]
[BlackFideId "24693928"]
[EventCountry "GER"]
[EventRounds "9"]
[EventType "swiss"]
[EventDate "2017.06.03"]

1. d4 {[%clk 1:30:58]} 1... Nf6 {[%clk 1:30:55]} 2. c4 {[%clk 1:31:24]} 2... g6
{[%clk 1:31:22]} 3. f3 {[%clk 1:31:48]} 3... d5 {[%clk 1:31:48]} 4. cxd5 {
[%clk 1:32:12]} 4... Nxd5 {[%clk 1:32:14]} 5. e4 {[%clk 1:32:29]} 5... Nb6 {
[%clk 1:32:40]} 6. Nc3 {[%clk 1:32:49]} 6... Bg7 {[%clk 1:33:02]} 7. Be3 {
[%clk 1:33:13]} 7... O-O {[%clk 1:33:26]} 8. Qd2 {[%clk 1:33:25]} 8... Nc6 {
[%clk 1:33:51]} 9. O-O-O {[%clk 1:33:46]} 9... Qd6 {[%clk 1:34:19]} 10. Nb5 {
[%clk 1:16:30]} 10... Qd7 {[%clk 1:34:37]} 11. Kb1 {[%clk 1:08:25]} 11... Rd8 {
[%clk 1:34:40]} 12. d5 {[%clk 1:00:38]} 12... a6 {[%clk 1:35:04]} 13. dxc6 {
[%clk 0:56:17]} 13... Qxd2 {[%clk 1:35:24]} 14. Rxd2 {[%clk 0:56:29]} 14...
Rxd2 {[%clk 1:35:51]} 15. Bxd2 {[%clk 0:56:51]} 15... axb5 {[%clk 1:36:16]} 16.
Bxb5 {[%clk 0:48:05]} 16... bxc6 {[%clk 1:08:55]} 17. Bxc6 {[%clk 0:27:05]}
17... Rb8 {[%clk 1:09:05]} 18. b3 {[%clk 0:26:40]} 18... Nc4 {[%clk 1:07:30]}
19. Kc2 {[%clk 0:20:15]} 19... Rb6 {[%clk 0:59:10]} 20. Ba4 {[%clk 0:16:57]}
20... Nxd2 {[%clk 0:59:14]} 21. Kxd2 {[%clk 0:16:46]} 21... Rd6+ { [%clk
0:59:32]} 22. Kc2 {[%clk 0:08:07]} 22... Ba6 {[%clk 0:58:58]} 23. Nh3 { [%clk
0:07:15]} 23... Bd3+ {[%clk 0:58:45]} 24. Kc1 {[%clk 0:06:52]} 24... Bh6+
{[%clk 0:59:06]} 25. Kb2 {[%clk 0:06:56]} 25... Ba6 {[%clk 0:59:02]} 26. Ka3 {
[%clk 0:05:06]} 26... Rd2 {[%clk 0:57:34]} 27. g3 {[%clk 0:03:55]} 27... e5 {
[%clk 0:54:42]} 28. f4 {[%clk 0:02:33]} 28... Bc8 {[%clk 0:53:49]} 29. Ng5 {
[%clk 0:01:57]} 29... Bf8+ {[%clk 0:53:29]} 30. b4 {[%clk 0:02:15]} 30... h6 {
[%clk 0:53:52]} 31. Nxf7 {[%clk 0:01:55]} 31... Kxf7 {[%clk 0:54:09]} 32. Rc1 {
[%clk 0:02:07]} 32... Bd6 {[%clk 0:51:06]} 33. Rf1 {[%clk 0:01:34]} 33... Ke7 {
[%clk 0:44:29]} 34. Bb3 {[%clk 0:00:49]} 34... Be6 {[%clk 0:43:24]} 35. Bxe6 {
[%clk 0:00:39]} 35... Kxe6 {[%clk 0:43:44]} 36. fxe5 {[%clk 0:00:39]} 36...
Bxe5 {[%clk 0:41:59]} 37. Rf3 {[%clk 0:00:31]} 37... Rxh2 {[%clk 0:41:33]} 38.
Rb3 {[%clk 0:00:40]} 38... h5 {[%clk 0:41:03]} 39. Rd3 {[%clk 0:00:33]} 39...
g5 {[%clk 0:40:54]} 40. Kb3 {[%clk 0:00:43]} 40... Rb2+ {[%clk 0:40:59]} 41.
Ka3 {[%clk 0:01:04]} 41... Rg2 {[%clk 0:41:19]} 42. Rd8 {[%clk 0:00:54]} 42...
Rxg3+ {[%clk 0:41:25]} 43. Ka4 {[%clk 0:01:20]} 43... h4 {[%clk 0:41:40]} 0-1

[Event "ODJM A 2017"]
[Site "Willingen GER"]
[Date "2017.06.10"]
[Round "9"]
[White "Arndt, Magnus"]
[Black "Denisov, Vladislav"]
[Result "1/2-1/2"]
[Termination "normal"]
[Board "5"]
[WhiteElo "2017"]
[BlackElo "2172"]
[WhiteClock "00:02:14"]
[BlackClock "00:39:41"]
[PlyCount "81"]
[WhiteFideId "12998656"]
[BlackFideId "4100867"]
[EventCountry "GER"]
[EventRounds "9"]
[EventType "swiss"]
[EventDate "2017.06.03"]

1. e4 {[%clk 1:30:58]} 1... c6 {[%clk 1:30:15]} 2. Nc3 {[%clk 1:31:22]} 2... d5
{[%clk 1:30:38]} 3. Nf3 {[%clk 1:31:48]} 3... Bg4 {[%clk 1:30:59]} 4. h3 {
[%clk 1:32:13]} 4... Bxf3 {[%clk 1:31:26]} 5. Qxf3 {[%clk 1:32:39]} 5... e6 {
[%clk 1:29:35]} 6. d4 {[%clk 1:32:34]} 6... Nf6 {[%clk 1:29:59]} 7. Bd3 { [%clk
1:32:41]} 7... Qb6 {[%clk 1:27:14]} 8. O-O {[%clk 1:16:19]} 8... Qxd4 { [%clk
1:26:28]} 9. exd5 {[%clk 0:57:53]} 9... Nxd5 {[%clk 1:15:11]} 10. Re1 { [%clk
0:47:50]} 10... Be7 {[%clk 1:14:26]} 11. Bd2 {[%clk 0:35:26]} 11... O-O { [%clk
1:08:06]} 12. Rad1 {[%clk 0:32:46]} 12... Nd7 {[%clk 1:05:37]} 13. Bg5 { [%clk
0:26:08]} 13... Qb4 {[%clk 1:03:57]} 14. Nxd5 {[%clk 0:23:56]} 14... cxd5
{[%clk 1:04:22]} 15. Bxe7 {[%clk 0:24:20]} 15... Qxe7 {[%clk 1:04:48]} 16. Qxd5
{[%clk 0:24:39]} 16... Nf6 {[%clk 1:05:14]} 17. Qf3 {[%clk 0:24:26]} 17... Rfd8
{[%clk 1:05:24]} 18. a3 {[%clk 0:23:21]} 18... Rac8 {[%clk 1:05:24]} 19. Re2 {
[%clk 0:21:08]} 19... g6 {[%clk 1:04:06]} 20. Red2 {[%clk 0:21:01]} 20... Kg7 {
[%clk 1:03:48]} 21. Bf1 {[%clk 0:20:25]} 21... Rxd2 {[%clk 1:03:56]} 22. Rxd2 {
[%clk 0:20:54]} 22... Rc7 {[%clk 1:04:01]} 23. c4 {[%clk 0:19:30]} 23... Rd7 {
[%clk 0:57:18]} 24. Rxd7 {[%clk 0:19:38]} 24... Qxd7 {[%clk 0:57:44]} 25. Qc3 {
[%clk 0:17:42]} 25... Qc7 {[%clk 0:57:12]} 26. g3 {[%clk 0:17:08]} 26... e5 {
[%clk 0:56:35]} 27. Bg2 {[%clk 0:17:31]} 27... Nd7 {[%clk 0:56:07]} 28. b4 {
[%clk 0:17:34]} 28... b6 {[%clk 0:55:55]} 29. Qd3 {[%clk 0:17:18]} 29... f5 {
[%clk 0:55:09]} 30. Bd5 {[%clk 0:16:32]} 30... h5 {[%clk 0:51:59]} 31. Kf1 {
[%clk 0:14:39]} 31... Nf6 {[%clk 0:51:04]} 32. Ke2 {[%clk 0:13:54]} 32... e4 {
[%clk 0:50:48]} 33. Qd4 {[%clk 0:14:14]} 33... f4 {[%clk 0:49:11]} 34. g4 {
[%clk 0:09:03]} 34... hxg4 {[%clk 0:48:51]} 35. hxg4 {[%clk 0:09:32]} 35... f3+
{[%clk 0:49:11]} 36. Ke3 {[%clk 0:09:32]} 36... g5 {[%clk 0:49:35]} 37. Bxe4 {
[%clk 0:09:51]} 37... Qf4+ {[%clk 0:49:59]} 38. Kd3 {[%clk 0:10:18]} 38... Qxg4
{[%clk 0:45:03]} 39. Qe3 {[%clk 0:03:20]} 39... Qd7+ {[%clk 0:43:03]} 40. Bd5 {
[%clk 0:02:54]} 40... Qf5+ {[%clk 0:39:41]} 41. Be4 {[%clk 0:02:14]} 1/2-1/2

[Event "ODJM A 2017"]
[Site "Willingen GER"]
[Date "2017.06.10"]
[Round "9"]
[White "Yi, Danny"]
[Black "Ciolek, Andreas"]
[Result "0-1"]
[Termination "normal"]
[Board "6"]
[WhiteElo "2066"]
[BlackElo "2184"]
[WhiteClock "00:11:46"]
[BlackClock "00:13:02"]
[PlyCount "112"]
[WhiteFideId "12988588"]
[BlackFideId "12906727"]
[EventCountry "GER"]
[EventRounds "9"]
[EventType "swiss"]
[EventDate "2017.06.03"]

1. e4 {[%clk 1:30:55]} 1... c5 {[%clk 1:30:45]} 2. Nf3 {[%clk 1:31:01]} 2... e6
{[%clk 1:30:51]} 3. d4 {[%clk 1:29:59]} 3... cxd4 {[%clk 1:31:16]} 4. Nxd4 {
[%clk 1:30:15]} 4... Nc6 {[%clk 1:31:31]} 5. c3 {[%clk 1:24:03]} 5... Qc7 {
[%clk 1:30:21]} 6. Bd3 {[%clk 1:23:12]} 6... a6 {[%clk 1:19:04]} 7. O-O { [%clk
1:22:41]} 7... Nf6 {[%clk 1:19:03]} 8. Re1 {[%clk 1:20:47]} 8... Ne5 { [%clk
1:03:39]} 9. Bf4 {[%clk 1:14:56]} 9... Bc5 {[%clk 0:47:19]} 10. Bc2 { [%clk
1:08:17]} 10... d6 {[%clk 0:45:01]} 11. Nd2 {[%clk 1:04:40]} 11... h6 { [%clk
0:39:31]} 12. Bg3 {[%clk 1:00:28]} 12... O-O {[%clk 0:35:14]} 13. Rc1 { [%clk
0:55:48]} 13... Bd7 {[%clk 0:33:03]} 14. N2f3 {[%clk 0:55:17]} 14... Bc6 {[%clk
0:27:33]} 15. Nxe5 {[%clk 0:48:34]} 15... dxe5 {[%clk 0:28:01]} 16. Nxc6 {[%clk
0:48:50]} 16... bxc6 {[%clk 0:28:13]} 17. Qe2 {[%clk 0:48:06]} 17... Rfd8
{[%clk 0:20:35]} 18. Red1 {[%clk 0:46:31]} 18... g6 {[%clk 0:20:35]} 19. Bh4
{[%clk 0:43:31]} 19... Kg7 {[%clk 0:19:24]} 20. h3 {[%clk 0:40:24]} 20... Be7
{[%clk 0:17:49]} 21. Bb3 {[%clk 0:32:36]} 21... Nh5 {[%clk 0:17:40]} 22. Bxe7
{[%clk 0:29:15]} 22... Qxe7 {[%clk 0:18:06]} 23. g3 {[%clk 0:28:33]} 23... a5
{[%clk 0:17:00]} 24. Qc4 {[%clk 0:27:48]} 24... Qa7 {[%clk 0:13:03]} 25. Kg2
{[%clk 0:26:02]} 25... Qb6 {[%clk 0:11:53]} 26. Rb1 {[%clk 0:22:50]} 26... Nf6
{[%clk 0:09:52]} 27. Ba4 {[%clk 0:21:08]} 27... c5 {[%clk 0:07:34]} 28. Bb5 {
[%clk 0:19:08]} 28... Rd6 {[%clk 0:07:38]} 29. Qe2 {[%clk 0:15:02]} 29... Rad8
{[%clk 0:07:37]} 30. Bd3 {[%clk 0:14:50]} 30... Qc6 {[%clk 0:04:55]} 31. f3 {
[%clk 0:14:09]} 31... Qb7 {[%clk 0:04:51]} 32. Bc2 {[%clk 0:13:25]} 32... Qe7 {
[%clk 0:04:21]} 33. Rxd6 {[%clk 0:13:12]} 33... Rxd6 {[%clk 0:04:44]} 34. Rd1 {
[%clk 0:13:27]} 34... Rxd1 {[%clk 0:04:43]} 35. Qxd1 {[%clk 0:13:47]} 35... c4
{[%clk 0:04:39]} 36. Ba4 {[%clk 0:13:28]} 36... Qc5 {[%clk 0:04:42]} 37. Qd2 {
[%clk 0:13:34]} 37... Nh5 {[%clk 0:03:55]} 38. Be8 {[%clk 0:12:49]} 38... Nf6 {
[%clk 0:03:42]} 39. Ba4 {[%clk 0:13:05]} 39... Qb6 {[%clk 0:03:36]} 40. b3 {
[%clk 0:11:42]} 40... cxb3 {[%clk 0:02:12]} 41. axb3 {[%clk 0:11:33]} 41... Qc5
{[%clk 0:29:37]} 42. b4 {[%clk 0:39:03]} 42... Qc4 {[%clk 0:28:56]} 43. Bd1 {
[%clk 0:38:28]} 43... axb4 {[%clk 0:28:29]} 44. cxb4 {[%clk 0:38:51]} 44... Qd4
{[%clk 0:28:26]} 45. Qxd4 {[%clk 0:34:17]} 45... exd4 {[%clk 0:28:55]} 46. e5 {
[%clk 0:34:00]} 46... Nd5 {[%clk 0:27:38]} 47. Bb3 {[%clk 0:19:56]} 47... Nxb4
{[%clk 0:27:54]} 48. f4 {[%clk 0:19:54]} 48... Nd3 {[%clk 0:21:21]} 49. Kf3 {
[%clk 0:18:45]} 49... Nc5 {[%clk 0:21:46]} 50. Bc2 {[%clk 0:17:35]} 50... g5 {
[%clk 0:20:50]} 51. Ke2 {[%clk 0:16:15]} 51... f6 {[%clk 0:19:32]} 52. Kf3 {
[%clk 0:13:16]} 52... gxf4 {[%clk 0:15:23]} 53. gxf4 {[%clk 0:12:26]} 53... f5
{[%clk 0:14:58]} 54. Bd1 {[%clk 0:11:58]} 54... Kg6 {[%clk 0:14:40]} 55. Kg3 {
[%clk 0:11:47]} 55... Ne4+ {[%clk 0:14:40]} 56. Kg2 {[%clk 0:11:46]} 56... d3 {
[%clk 0:13:02]} 0-1

[Event "ODJM A 2017"]
[Site "Willingen GER"]
[Date "2017.06.10"]
[Round "9"]
[White "Sabirov, Ramil"]
[Black "Tresch, Lukas"]
[Result "1/2-1/2"]
[Termination "normal"]
[Board "7"]
[WhiteElo "2038"]
[BlackElo "2043"]
[WhiteClock "00:05:44"]
[BlackClock "00:09:50"]
[PlyCount "111"]
[WhiteFideId "12900303"]
[BlackFideId "12938866"]
[EventCountry "GER"]
[EventRounds "9"]
[EventType "swiss"]
[EventDate "2017.06.03"]

1. c4 {[%clk 1:30:58]} 1... c5 {[%clk 1:30:38]} 2. g3 {[%clk 1:31:23]} 2... Nf6
{[%clk 1:30:25]} 3. Bg2 {[%clk 1:31:48]} 3... Nc6 {[%clk 1:29:32]} 4. Nf3 {
[%clk 1:31:00]} 4... g6 {[%clk 1:28:42]} 5. Nc3 {[%clk 1:31:17]} 5... Bg7 {
[%clk 1:28:47]} 6. O-O {[%clk 1:31:37]} 6... O-O {[%clk 1:28:33]} 7. d4 { [%clk
1:32:02]} 7... cxd4 {[%clk 1:28:02]} 8. Nxd4 {[%clk 1:32:27]} 8... Ng4 { [%clk
1:27:02]} 9. e3 {[%clk 1:29:25]} 9... Nge5 {[%clk 1:24:39]} 10. b3 { [%clk
1:23:34]} 10... Nxd4 {[%clk 1:22:02]} 11. exd4 {[%clk 1:23:56]} 11... Nc6
{[%clk 1:22:23]} 12. Be3 {[%clk 1:23:10]} 12... d6 {[%clk 1:19:59]} 13. Rc1 {
[%clk 1:13:50]} 13... e5 {[%clk 1:11:22]} 14. dxe5 {[%clk 1:09:45]} 14... dxe5
{[%clk 1:06:17]} 15. Bc5 {[%clk 1:02:31]} 15... Re8 {[%clk 1:01:58]} 16. Nb5 {
[%clk 0:55:06]} 16... Qa5 {[%clk 0:57:42]} 17. b4 {[%clk 0:44:34]} 17... Nxb4 {
[%clk 0:45:46]} 18. Bxb4 {[%clk 0:43:10]} 18... Qxb4 {[%clk 0:44:02]} 19. Nc7 {
[%clk 0:43:17]} 19... Bf5 {[%clk 0:42:55]} 20. Nxa8 {[%clk 0:43:34]} 20... Rxa8
{[%clk 0:43:03]} 21. Qe2 {[%clk 0:27:46]} 21... Rd8 {[%clk 0:38:51]} 22. Rfd1 {
[%clk 0:21:35]} 22... Rd4 {[%clk 0:31:13]} 23. Bd5 {[%clk 0:18:28]} 23... Bg4 {
[%clk 0:25:33]} 24. f3 {[%clk 0:17:06]} 24... Rxd1+ {[%clk 0:21:44]} 25. Rxd1 {
[%clk 0:15:14]} 25... Bf5 {[%clk 0:20:11]} 26. Kg2 {[%clk 0:13:02]} 26... Bf6 {
[%clk 0:16:10]} 27. h4 {[%clk 0:05:53]} 27... b6 {[%clk 0:12:50]} 28. Rh1 {
[%clk 0:04:47]} 28... Qc3 {[%clk 0:09:22]} 29. Rd1 {[%clk 0:04:15]} 29... Qb4 {
[%clk 0:08:36]} 30. Qd2 {[%clk 0:03:29]} 30... Qxd2+ {[%clk 0:06:20]} 31. Rxd2
{[%clk 0:03:55]} 31... Be7 {[%clk 0:04:47]} 32. Be4 {[%clk 0:02:14]} 32... Be6
{[%clk 0:02:20]} 33. Bd5 {[%clk 0:02:40]} 33... Bf5 {[%clk 0:02:27]} 34. g4 {
[%clk 0:02:56]} 34... Bc8 {[%clk 0:02:17]} 35. Bb7 {[%clk 0:01:41]} 35... Be6 {
[%clk 0:01:33]} 36. Bd5 {[%clk 0:02:08]} 36... Bc8 {[%clk 0:01:58]} 37. Kg3 {
[%clk 0:01:41]} 37... Kf8 {[%clk 0:01:15]} 38. Bc6 {[%clk 0:01:12]} 38... Be6 {
[%clk 0:01:18]} 39. Bd5 {[%clk 0:01:36]} 39... Bc8 {[%clk 0:01:39]} 40. Rd1 {
[%clk 0:00:48]} 40... h6 {[%clk 0:00:51]} 41. Rh1 {[%clk 0:21:15]} 41... Bd6 {
[%clk 0:29:57]} 42. Kf2 {[%clk 0:20:39]} 42... Ke7 {[%clk 0:26:53]} 43. h5 {
[%clk 0:20:07]} 43... g5 {[%clk 0:26:13]} 44. Be4 {[%clk 0:17:34]} 44... Be6 {
[%clk 0:25:07]} 45. Rc1 {[%clk 0:17:37]} 45... Bc5+ {[%clk 0:23:08]} 46. Ke2 {
[%clk 0:18:00]} 46... Bd6 {[%clk 0:21:32]} 47. Kd3 {[%clk 0:18:14]} 47... f6 {
[%clk 0:19:55]} 48. Bh7 {[%clk 0:15:25]} 48... Bc5 {[%clk 0:18:36]} 49. Ke4 {
[%clk 0:13:45]} 49... Bd4 {[%clk 0:16:34]} 50. Bf5 {[%clk 0:13:11]} 50... Bg8 {
[%clk 0:16:39]} 51. Bc8 {[%clk 0:11:52]} 51... Bh7+ {[%clk 0:16:55]} 52. Bf5 {
[%clk 0:09:29]} 52... Bg8 {[%clk 0:17:10]} 53. Bc8 {[%clk 0:07:55]} 53... Bc5 {
[%clk 0:12:36]} 54. Rd1 {[%clk 0:05:02]} 54... Bd4 {[%clk 0:10:00]} 55. Rc1 {
[%clk 0:05:25]} 55... Bc5 {[%clk 0:09:50]} 56. Rd1 {[%clk 0:05:44]} 1/2-1/2

[Event "ODJM A 2017"]
[Site "Willingen GER"]
[Date "2017.06.10"]
[Round "9"]
[White "Wübker, Paul-Luca"]
[Black "Weber, Daniel"]
[Result "1-0"]
[Termination "normal"]
[Board "8"]
[WhiteElo "1806"]
[BlackElo "2058"]
[WhiteClock "00:10:36"]
[BlackClock "00:01:28"]
[PlyCount "65"]
[WhiteFideId "12939528"]
[BlackFideId "24615498"]
[EventCountry "GER"]
[EventRounds "9"]
[EventType "swiss"]
[EventDate "2017.06.03"]

1. d4 {[%clk 1:30:57]} 1... Nf6 {[%clk 1:30:40]} 2. c4 {[%clk 1:31:22]} 2... e6
{[%clk 1:31:04]} 3. Nf3 {[%clk 1:31:47]} 3... b6 {[%clk 1:30:39]} 4. g3 { [%clk
1:28:40]} 4... Bb7 {[%clk 1:28:25]} 5. Bg2 {[%clk 1:28:58]} 5... c5 { [%clk
1:21:06]} 6. d5 {[%clk 1:20:00]} 6... exd5 {[%clk 1:17:51]} 7. Nh4 { [%clk
1:19:32]} 7... g6 {[%clk 1:12:14]} 8. Nc3 {[%clk 1:15:46]} 8... Be7 { [%clk
1:00:04]} 9. cxd5 {[%clk 1:07:10]} 9... d6 {[%clk 0:59:37]} 10. O-O { [%clk
1:05:05]} 10... O-O {[%clk 0:57:12]} 11. e4 {[%clk 1:03:41]} 11... Nfd7 { [%clk
0:50:39]} 12. Nf3 {[%clk 1:00:33]} 12... a6 {[%clk 0:44:45]} 13. a4 { [%clk
0:56:47]} 13... Bf6 {[%clk 0:41:54]} 14. Qc2 {[%clk 0:51:21]} 14... Re8 { [%clk
0:37:43]} 15. Nd2 {[%clk 0:42:42]} 15... h5 {[%clk 0:24:50]} 16. f4 { [%clk
0:32:48]} 16... Bg7 {[%clk 0:21:15]} 17. Nc4 {[%clk 0:32:56]} 17... Nf6 { [%clk
0:20:49]} 18. Qb3 {[%clk 0:28:03]} 18... b5 {[%clk 0:19:19]} 19. axb5 { [%clk
0:28:17]} 19... Ng4 {[%clk 0:19:31]} 20. Bf3 {[%clk 0:18:11]} 20... f5 { [%clk
0:11:35]} 21. Na5 {[%clk 0:16:07]} 21... Qb6 {[%clk 0:08:02]} 22. Nc4 { [%clk
0:15:09]} 22... Qd8 {[%clk 0:07:04]} 23. e5 {[%clk 0:15:00]} 23... dxe5 { [%clk
0:05:50]} 24. fxe5 {[%clk 0:14:58]} 24... Bxe5 {[%clk 0:05:38]} 25. h3 { [%clk
0:12:12]} 25... Bxg3 {[%clk 0:02:54]} 26. Kg2 {[%clk 0:10:40]} 26... Qh4 {[%clk
0:01:47]} 27. Ne2 {[%clk 0:10:14]} 27... Rxe2+ {[%clk 0:00:49]} 28. Bxe2 {[%clk
0:10:37]} 28... Bxd5+ {[%clk 0:01:08]} 29. Bf3 {[%clk 0:10:51]} 29... Bxc4
{[%clk 0:00:33]} 30. Qxc4+ {[%clk 0:11:03]} 30... Kg7 {[%clk 0:01:00]} 31. Bxg4
{[%clk 0:10:09]} 31... hxg4 {[%clk 0:01:15]} 32. Qc3+ {[%clk 0:10:28]} 32...
Kg8 {[%clk 0:01:28]} 33. Qxg3 {[%clk 0:10:36]} 1-0

[Event "ODJM A 2017"]
[Site "Willingen GER"]
[Date "2017.06.10"]
[Round "9"]
[White "Diller, Daniel"]
[Black "Engel, Robert"]
[Result "0-1"]
[Termination "normal"]
[Board "9"]
[WhiteElo "1976"]
[BlackElo "1887"]
[WhiteClock "00:05:29"]
[BlackClock "00:14:48"]
[PlyCount "68"]
[WhiteFideId "12908983"]
[BlackFideId "12974684"]
[EventCountry "GER"]
[EventRounds "9"]
[EventType "swiss"]
[EventDate "2017.06.03"]

1. e4 {[%clk 1:30:52]} 1... c5 {[%clk 1:30:57]} 2. Nf3 {[%clk 1:31:14]} 2... d6
{[%clk 1:31:25]} 3. d4 {[%clk 1:31:35]} 3... cxd4 {[%clk 1:31:54]} 4. Nxd4 {
[%clk 1:31:58]} 4... Nf6 {[%clk 1:32:21]} 5. Nc3 {[%clk 1:32:20]} 5... a6 {
[%clk 1:32:49]} 6. Bg5 {[%clk 1:32:43]} 6... Nbd7 {[%clk 1:32:45]} 7. Qe2 {
[%clk 1:32:38]} 7... e5 {[%clk 1:27:09]} 8. Nf5 {[%clk 1:29:52]} 8... h6 {
[%clk 1:25:35]} 9. Bh4 {[%clk 1:07:29]} 9... g6 {[%clk 1:18:52]} 10. Ne3 {
[%clk 1:03:18]} 10... Be7 {[%clk 1:16:53]} 11. O-O-O {[%clk 1:01:17]} 11... b5
{[%clk 1:12:42]} 12. Bxf6 {[%clk 0:54:12]} 12... Nxf6 {[%clk 1:12:37]} 13. Ned5
{[%clk 0:54:15]} 13... Bb7 {[%clk 1:09:48]} 14. Qd3 {[%clk 0:49:47]} 14... Nxd5
{[%clk 1:03:05]} 15. Nxd5 {[%clk 0:49:03]} 15... O-O {[%clk 1:03:07]} 16. f3 {
[%clk 0:38:11]} 16... Bxd5 17. Qxd5 {[%clk 0:38:12]} 17... Qc7 {[%clk 0:58:47]}
18. h4 {[%clk 0:31:21]} 18... Rfc8 {[%clk 0:57:02]} 19. Rd2 {[%clk 0:26:43]}
19... Qa7 {[%clk 0:53:01]} 20. Qb3 {[%clk 0:25:35]} 20... Rc7 {[%clk 0:50:23]}
21. g3 {[%clk 0:24:23]} 21... Rac8 {[%clk 0:41:04]} 22. Kb1 {[%clk 0:23:03]}
22... b4 {[%clk 0:36:28]} 23. Bh3 {[%clk 0:16:21]} 23... Rb8 {[%clk 0:35:50]}
24. Ka1 {[%clk 0:16:14]} 24... a5 {[%clk 0:32:32]} 25. Qa4 {[%clk 0:12:30]}
25... Qe3 {[%clk 0:30:58]} 26. Rhd1 {[%clk 0:12:35]} 26... Qxf3 {[%clk 0:28:39]
} 27. Bg2 {[%clk 0:06:29]} 27... Qxg3 {[%clk 0:26:49]} 28. Qxa5 {[%clk 0:06:55]
} 28... Rbc8 {[%clk 0:26:24]} 29. h5 {[%clk 0:05:39]} 29... Rxc2 { [%clk
0:23:17]} 30. Rxc2 {[%clk 0:06:04]} 30... Rxc2 {[%clk 0:23:40]} 31. Bh1 { [%clk
0:05:35]} 31... Qe3 {[%clk 0:17:42]} 32. Rb1 {[%clk 0:06:01]} 32... Rc1 { [%clk
0:15:51]} 33. Qa8+ {[%clk 0:05:43]} 33... Kg7 {[%clk 0:15:39]} 34. Qe8 { [%clk
0:05:29]} 34... Qe1 {[%clk 0:14:48]} 0-1